00286nam a2200109Ia 4500008004000000082001700040100001700057245003700074260003000111300000800141650002700149210210b1981 xxu||||| |||| 00| 0 eng d a338.642 AHUS aAHUJA (B N). aSmall scale industries in India. aNDbVarma Brothers,c1981 a256 aSmall scale industries